000 03144nab a2200277 i 4500
003 BR-BrBNA
005 20241007161655.0
008 241007b2004 bl.qr|pooa||| 00| 0 por |
040 _aBR-BrBNA
_bpor
072 _aF70
100 _aGuimarães, Elsie Franklin
100 _aGiordano, Luiz Carlos da Silva
245 _aPiperaceae do Nordeste brasileiro I: estado do Ceará
500 _aPublicação on-line; Bibliography p. 43-46 (61 ref.); 5 illus.; Summaries (En, Pt)
520 _a RESUMO Este trabalho trata das espécies de Piperaceae representadas no estado do Ceará, Brasil, com interesse assentado no conhecimento taxonômico, como também no seu valor medicinal. O tratamento taxonômico compreende descrições, chaves para identificação dos táxons e distribuição geográfica com base no exame de exsicatas de herbários, incluindo tipos. Comentários sobre utilidades e dados ambientais são atribuídos a algumas espécies. Para o Ceará, segundo o material examinado, são assinalados 4 gêneros, separados principalmente pelo hábito e pela disposição das inflorescências, constantes de 35 taxa que se distinguem pelos padrões de nervação foliar, bractéolas florais e frutos. Os indivíduos destes táxons ocorrem nas áreas úmidas das serras de Baturité, Maranguape, Aratanha e Machado; a maioria apresenta distribuição ampla, enquanto que Piper rufipilum Yunck. é espécie endêmica da Chapada do Araripe e Ottonia leptostachia Kunth constituiu-se em uma nova localidade. Palavras-chaves: Piperaceae/Taxonomia/Flora/Ceará/Medicinais.
520 _a ABSTRACT The subject of this paper is the Piperaceae species which occur in the state of Ceará, Brazil, with special attention paid to their taxonomy, as well as the medicinal value. The taxonomic treatment used in this study were the following in the examination of dissected dried herbarium specimens including types, descriptions, keys for identification of taxa and geographical distribution. Commentary on the use and ambiental data are presented for some taxa. The State of Ceará denote in the material examined 4 genera, differentiated by habitat and arrangement of inflorescence, in 35 taxa which are distinguishable by their patterns of foliar nervation, floral bracteoles and fruits. The individuals these taxa occur in the humid regions of the mountains of Baturité, Maranguape, Aratanha and Machado; where the majority of them are widely distributed, whereas Piper rufipilum Yunck. is only found in Chapada do Araripe and Ottonia leptostachia Kunth is found in yet another area. Key-words: Piperaceae/Taxonomy/Flora/Ceará/Medicinal
650 _aPIPERACEAE
650 _aTAXONOMIA
650 _aFLORA
650 _aPLANTA MEDICINAL
650 _aCEARÁ
773 0 _0709
_9345133
_dRio de Janeiro-RJ Jardim Botanico do Rio de Janeiro 1935
_o2024-5590
_tRodriguésia (Brazil)
_x0370-6583; 2175-7860 on-line
_gv. 55(84) p. 21-46; (2004)
_wBR2024003204
856 _uhttps://www.scielo.br/j/rod/a/5zYPzJyxJQJQ5mhrRK8wC5J/?format=pdf&lang=pt
942 _cANA
999 _c327979
_d327979